Thesaurus hispano- latinu (Record no. 8242)
[ view plain ]
| 000 -CABECERA | |
|---|---|
| campo de control de longitud fija | 01389nam a2200349 a 4500 |
| 001 - NÚMERO DE CONTROL | |
| campo de control | BRCA_8579 |
| 005 - FECHA Y HORA DE LA ÚLTIMA TRANSACCIÓN | |
| campo de control | 20190320210334.0 |
| 008 - DATOS DE LONGITUD FIJA--INFORMACIÓN GENERAL | |
| campo de control de longitud fija | 190816s1714----sp-#######---#000-0#lat-# |
| 041 ## - CÓDIGO DE LENGUA | |
| Código de lengua del texto/banda sonora o título independiente | lat |
| 044 ## - CÓDIGO DEL PAÍS DE LA ENTIDAD EDITORA/PRODUCTORA | |
| Código MARC del país | sp |
| 050 #4 - SIGNATURA TOPOGRÁFICA DE LA BIBLIOTECA DEL CONGRESO | |
| Número de clasificación | AG2 |
| Número de documento/Ítem | .B78 |
| -- | 1714 |
| 100 1# - ENTRADA PRINCIPAL--NOMBRE DE PERSONA | |
| Nombre de persona | Bravo, Bartholomaeo |
| 9 (RLIN) | 21482 |
| 245 10 - MENCIÓN DE TÍTULO | |
| Título | Thesaurus hispano- latinu |
| Resto del título | vtrivsqve lingv a dives opvm |
| Mención de responsabilidad, etc. | Bartholomaeo Bravo. |
| 250 ## - MENCIÓN DE EDICIÓN | |
| Mención de edición | 2a ed. |
| 260 ## - PUBLICACIÓN, DISTRIBUCIÓN, ETC. | |
| Lugar de publicación, distribución, etc. | Barcelona |
| Nombre del editor, distribuidor, etc. | Rafael Figuero |
| Fecha de publicación, distribución, etc. | 1714 |
| 300 ## - DESCRIPCIÓN FÍSICA | |
| Extensión | 518 p. |
| Dimensiones | 21 cm |
| 500 ## - NOTA GENERAL | |
| Nota general | Fondo antiguo |
| 500 ## - NOTA GENERAL | |
| Nota general | Se encuentra en Caja Fuerte |
| 500 ## - NOTA GENERAL | |
| Nota general | LM-14 |
| 500 ## - NOTA GENERAL | |
| Nota general | Portada con grabado xilográfico monograma de la sociedad de Jesús |
| 500 ## - NOTA GENERAL | |
| Nota general | Sello en la portada perteneciente a Felipe S. Pullido Presbitero |
| 500 ## - NOTA GENERAL | |
| Nota general | Con dedicatoria: a la soberana reyna de los angeles María Santissima de la luz |
| 500 ## - NOTA GENERAL | |
| Nota general | Con licencia D. Petri de la Escalera Guevara |
| 500 ## - NOTA GENERAL | |
| Nota general | Texto impreso a dos columnas |
| 500 ## - NOTA GENERAL | |
| Nota general | Contiene avisos para mejor aprovecharse de este tesauro |
| 500 ## - NOTA GENERAL | |
| Nota general | Nota de encuadernación: en piel pergamino deteriorada de la tapa trasera, guarda anterior desprendida y lomo despegado |
| 506 0# - NOTA DE RESTRICCIONES AL ACCESO | |
| Limitaciones de acceso | Fondo reservado: para su consulta es necesario credencial de usuario y carta de motivos |
| 650 14 - PUNTO DE ACCESO ADICIONAL DE MATERIA--TÉRMINO DE MATERIA | |
| Término de materia o nombre geográfico como elemento de entrada | Latín |
| Subdivisión de forma | Diccionarios |
| Subdivisión general | Español |
| 9 (RLIN) | 6048 |
| 650 14 - PUNTO DE ACCESO ADICIONAL DE MATERIA--TÉRMINO DE MATERIA | |
| Término de materia o nombre geográfico como elemento de entrada | Español |
| Subdivisión de forma | Diccionarios |
| Subdivisión general | Latín |
| 9 (RLIN) | 6049 |
| 902 ## - CATALOGADOR | |
| Iniciales | LAR |
| 942 ## - ELEMENTOS DE PUNTO DE ACCESO ADICIONAL (KOHA) | |
| Fuente del sistema de clasificación o colocación | Library of Congress Classification |
| Tipo de ítem Koha | Libros |
| Estado de retiro | Estado de pérdida | Estado dañado | No para préstamo | Localización permanente | Ubicación/localización actual | Fecha de adquisición | Número de inventario | Total de préstamos | Signatura topográfica completa | Código de barras | Fecha visto por última vez | Precio válido a partir de | Tipo de ítem Koha |
|---|---|---|---|---|---|---|---|---|---|---|---|---|---|
| El ejemplar forma parte de la colección y puede ser consultado según las políticas vigentes. | Biblioteca del Museo Franz Mayer (Rogerio Casas-Alatriste) | Biblioteca del Museo Franz Mayer (Rogerio Casas-Alatriste) | 19/08/2016 | LM-14 | AG2 .B78 1714 (LM-14) | LAR00084 | 22/03/2019 | 22/03/2019 | Libros |